| 000 | 01083naa a22002897a 4500 | ||
|---|---|---|---|
| 001 | BR9510437 | ||
| 003 | BR-BrBNA | ||
| 005 | 20240918181824.0 | ||
| 007 | ta | ||
| 008 | 230509b bl.||||| |||| 00| 0 por d | ||
| 040 |
_aBR-BrBNA _bpor _cBiblioteca Nacional de Agricultura |
||
| 041 | _a(Pt) | ||
| 072 |
_aL10; L52 _b5213 |
||
| 090 | _aL10 BR9510437 | ||
| 100 | 1 | _aMercadante, M.E.Z. | |
| 100 | 1 | _aLobo, R.B. | |
| 111 | 1 |
_a1. Congresso Brasileiro das Racas Zebuinas _cUberaba, MG (Brazil) _d23-26 Oct 1994 |
|
| 245 | 1 | _aEstimativas de parametros geneticos para caracteristicas de crescimento em zebuinos de corte: uma revisao | |
| 260 | 3 |
_aUberaba, MG (Brasil): _c1994. |
|
| 500 | _aAnais do 1. Congresso Brasileiro das Racas Zebuinas Uberaba, MG (Brasil): 1994. p. 140-141 (BR9510437-AM)L10 | ||
| 650 | _aGado Zebu | ||
| 650 | _aTaxa de Crescimento | ||
| 650 | _aGenetica Animal | ||
| 773 | 0 |
_tAnais do 1. Congresso Brasileiro das Racas Zebuinas _wL10 BR9510437 _gUberaba, MG (Brasil), 1994. p. 140-141 |
|
| 909 |
_a202404 _bLucia _c55 _dLucia Elande |
||
| 942 |
_cAM _2AGRIS |
||
| 999 |
_c327019 _d327019 |
||